[Event "Oberliga Nord N 1617"]
[Site "Germany"]
[Date "2017.02.05"]
[Round "5.1"]
[White "Lamprecht, Frank"]
[Black "Uksini, Bardhyl"]
[Result "1/2-1/2"]
[WhiteElo "2387"]
[BlackElo "2327"]
[PlyCount "175"]
[EventDate "2016.10.16"]
[EventType "team-tourn"]
[EventRounds "9"]
[EventCountry "GER"]
[SourceTitle "EXT 2018"]
[Source "ChessBase"]
[SourceDate "2017.10.13"]
[SourceVersion "1"]
[SourceVersionDate "2017.10.13"]
[SourceQuality "1"]
[WhiteTeam "Hamburg Koenigsspringer"]
[BlackTeam "Hamburger SK"]
[WhiteTeamCountry "GER"]
[BlackTeamCountry "GER"]

1. Nf3 Nf6 2. b3 g6 3. Bb2 Bg7 4. c4 0-0 5. g3 d6 6. d4 c6 7. Bg2 Nbd7 8. 0-0 Qc7 9. Nc3 a5 10. Qc2 e5 11. e3 Re8 12. Rad1 exd4 13. exd4 Nb6 14. Qc1 a4 15. c5 Nbd5 16. Nxa4 Bf5 17. Qc4 Ne4 18. Nd2 dxc5 19. Nxe4 Bxe4 20. Bxe4 Rxe4 21. Nxc5 Re7 22. a3 Rae8 23. Nd3 Qc8 24. Rde1 Qg4 25. Rxe7 Rxe7 26. Ne5 Qf5 27. Re1 f6 28. Nd3 Rxe1+ 29. Nxe1 Qe4 30. Ng2 Bh6 31. Bc1 Qb1 32. f4 Bf8 33. b4 Kg7 34. Kf2 Nb6 35. Qc3 Nd5 36. Qd2 Qe4 37. Ne3 Qh1 38. Nxd5 Qxh2+ 39. Kf3 Qh1+ 40. Kf2 Qxd5 41. Qc3 Bd6 42. Be3 h5 43. Ke2 Kf7 44. Bf2 Qe4+ 45. Kf1 Ke6 46. Qb3+ Kf5 47. b5 Kg4 48. bxc6 bxc6 49. a4 Qh1+ 50. Ke2 Qe4+ 51. Kf1 Bc7 52. Qc3 Qh1+ 53. Ke2 Qd5 54. Kf1 Ba5 55. Qd3 f5 56. Ke2 Qa2+ 57. Kf1 Qd5 58. Ke2 Bb4 59. Kd1 Qf3+ 60. Qe2 Ba5 61. Be1 Bb6 62. Bf2 h4 63. gxh4 Kxf4 64. Ke1 Qxe2+ 65. Kxe2 Ke4 66. Be1 Bxd4 67. a5 Ba7 68. a6 f4 69. Bf2 c5 70. Kf1 Kf3 71. Bg1 Kg3 72. Bf2+ Kh3 73. Kg1 f3 74. Kf1 Kg4 75. Ke1 Kf4 76. Kd2 Ke4 77. Kc3 Kd5 78. Bg1 Kc6 79. Kc4 Kb6 80. Bxc5+ Kxa6 81. Bxa7 Kxa7 82. Kd3 Kb6 83. Ke3 Kc6 84. Kxf3 Kd6 85. Kf4 Ke6 86. Kg4 Kf7 87. h5 gxh5+ 88. Kxh5 1/2-1/2

[Event "Oberliga Nord N 1617"]
[Site "Germany"]
[Date "2016.12.04"]
[Round "3.1"]
[White "Lamprecht, Frank"]
[Black "Brynell, Stellan"]
[Result "1/2-1/2"]
[WhiteElo "2387"]
[BlackElo "2448"]
[PlyCount "33"]
[EventDate "2016.10.16"]
[EventType "team-tourn"]
[EventRounds "9"]
[EventCountry "GER"]
[SourceTitle "EXT 2018"]
[Source "ChessBase"]
[SourceDate "2017.10.13"]
[SourceVersion "1"]
[SourceVersionDate "2017.10.13"]
[SourceQuality "1"]
[WhiteTeam "Hamburg Koenigsspringer"]
[BlackTeam "Rostock"]
[WhiteTeamCountry "GER"]
[BlackTeamCountry "GER"]

1. d4 Nf6 2. Nf3 e6 3. e3 d5 4. Be2 c5 5. 0-0 Nc6 6. c4 dxc4 7. dxc5 Qxd1 8. Rxd1 Bxc5 9. Bxc4 0-0 10. a3 b6 11. b4 Be7 12. Bb2 Bb7 13. Nc3 Rfd8 14. Bb3 Kf8 15. Rxd8+ Rxd8 16. Rd1 Rxd1+ 17. Bxd1 1/2-1/2

[Event "Oberliga Nord N 1314"]
[Site "Germany"]
[Date "2013.10.13"]
[Round "1.1"]
[White "Lamprecht, Frank"]
[Black "Seres, Lajos"]
[Result "1-0"]
[WhiteElo "2393"]
[BlackElo "2449"]
[PlyCount "59"]
[EventDate "2013.10.13"]
[EventType "team-tourn"]
[EventRounds "9"]
[EventCountry "GER"]
[SourceTitle "EXT 2015"]
[Source "ChessBase"]
[SourceDate "2014.11.20"]
[SourceVersion "1"]
[SourceVersionDate "2014.11.20"]
[SourceQuality "1"]
[WhiteTeam "Hamburg Koenigsspringer"]
[BlackTeam "Schwerin"]
[WhiteTeamCountry "GER"]
[BlackTeamCountry "GER"]

1. d4 d5 2. c4 c6 3. Nf3 Nf6 4. Nc3 a6 5. e3 b5 6. c5 Bg4 7. Be2 Nbd7 8. 0-0 h6 9. a4 b4 10. Nb1 a5 11. Nbd2 Bf5 12. Ne1 e5 13. f3 g6 14. g4 Be6 15. f4 exf4 16. exf4 Nb8 17. f5 gxf5 18. gxf5 Bc8 19. Kh1 Bg7 20. Bd3 Ba6 21. Rg1 Rg8 22. Bxa6 Nxa6 23. Nd3 Ne4 24. Qe2 Kf8 25. Nxe4 dxe4 26. Qxe4 Qxd4 27. Qxc6 Rd8 28. Bf4 Qxd3 29. Bd6+ Rxd6 30. cxd6 1-0

[Event "BL2-Nord 0910"]
[Site "Germany"]
[Date "2010.02.28"]
[Round "7.1"]
[White "Figura, Atila Gajo"]
[Black "Lamprecht, Frank"]
[Result "1/2-1/2"]
[WhiteElo "2415"]
[BlackElo "2402"]
[PlyCount "81"]
[EventDate "2009.10.18"]
[EventType "team-tourn"]
[EventRounds "9"]
[EventCountry "GER"]
[SourceTitle "EXT 2011"]
[Source "ChessBase"]
[SourceDate "2010.11.26"]
[SourceVersion "1"]
[SourceVersionDate "2010.11.26"]
[SourceQuality "1"]
[WhiteTeam "Kreuzberg"]
[BlackTeam "Koenigsspringer"]
[WhiteTeamCountry "GER"]
[BlackTeamCountry "GER"]

1. c4 e6 2. Nf3 Nf6 3. g3 d5 4. d4 Be7 5. Bg2 0-0 6. 0-0 dxc4 7. Qc2 a6 8. Qxc4 b5 9. Qc2 Bb7 10. Bd2 Bd6 11. a3 Be4 12. Qc1 Qe7 13. b4 Nbd7 14. Bc3 e5 15. dxe5 Nxe5 16. Nbd2 Nxf3+ 17. exf3 Bd5 18. Re1 Qd8 19. Ne4 Be7 20. Qb2 c6 21. Rad1 Ne8 22. f4 Qc7 23. f5 f6 24. Nc5 Bxc5 25. Bxd5+ cxd5 26. bxc5 Qd7 27. Qb3 Nc7 28. Ba5 h6 29. c6 Qd8 30. Bxc7 Qxc7 31. Qxd5+ Kh7 32. Qc5 Rf7 33. Re6 Rc8 34. Rde1 Qa7 35. Qxa7 Rxa7 36. Rc1 Rac7 37. Rc3 Rd8 38. g4 Rd4 39. h3 h5 40. f3 a5 41. Rc5 1/2-1/2

[Event "BL2-Nord 0910"]
[Site "Germany"]
[Date "2009.11.15"]
[Round "2.1"]
[White "Lamprecht, Frank"]
[Black "Meister, Jakob"]
[Result "1-0"]
[WhiteElo "2402"]
[BlackElo "2254"]
[PlyCount "83"]
[EventDate "2009.10.18"]
[EventType "team-tourn"]
[EventRounds "9"]
[EventCountry "GER"]
[SourceTitle "EXT 2011"]
[Source "ChessBase"]
[SourceDate "2010.11.26"]
[SourceVersion "1"]
[SourceVersionDate "2010.11.26"]
[SourceQuality "1"]
[WhiteTeam "Koenigsspringer"]
[BlackTeam "Zehlendorf"]
[WhiteTeamCountry "GER"]
[BlackTeamCountry "GER"]

1. d4 d5 2. c4 e6 3. Nf3 c6 4. e3 Nd7 5. Bd3 Bd6 6. 0-0 g5 7. cxd5 cxd5 8. e4 g4 9. Nfd2 h5 10. Nc3 Nb6 11. Re1 Ne7 12. a4 dxe4 13. Ndxe4 Nbd5 14. Bg5 Bf4 15. Bh4 Qa5 16. g3 Bh6 17. Nxd5 Nxd5 18. Nf6+ Kf8 19. Re5 Qb4 20. Nxd5 exd5 21. Be7+ Qxe7 22. Rxe7 Kxe7 23. Qe1+ Be6 24. Qb4+ Kf6 25. Qxb7 Rhc8 26. Re1 a5 27. Kg2 h4 28. gxh4 Bf4 29. h5 Rh8 30. h6 Rab8 31. Rxe6+ Kxe6 32. Qc6+ Bd6 33. Bf5+ Kxf5 34. Qxd6 f6 35. Qd7+ Kf4 36. Qg7 Rbf8 37. h7 Kf5 38. Kg3 Ke4 39. Qxg4+ Kd3 40. Qf3+ Kxd4 41. Qe3+ Kc4 42. Qc3# 1-0

[Event "Oberliga Nord N 0708"]
[Site "Germany"]
[Date "2008.03.09"]
[Round "7.1"]
[White "Pajeken, Wolfgang"]
[Black "Lamprecht, Frank"]
[Result "1/2-1/2"]
[WhiteElo "2351"]
[BlackElo "2389"]
[PlyCount "20"]
[EventDate "2007.10.21"]
[EventType "team-tourn"]
[EventRounds "9"]
[EventCountry "GER"]
[SourceTitle "EXT 2009"]
[Source "ChessBase"]
[SourceDate "2008.11.26"]
[SourceVersion "1"]
[SourceVersionDate "2008.11.26"]
[SourceQuality "1"]
[WhiteTeam "Hamburger SK II"]
[BlackTeam "Koenigsspringer"]
[WhiteTeamCountry "GER"]
[BlackTeamCountry "GER"]

1. d4 d5 2. c4 c6 3. Nf3 e6 4. e3 f5 5. Bd3 Nf6 6. Qc2 Bd6 7. h3 Nbd7 8. Nc3 Ne4 9. g4 Ndf6 10. Bd2 0-0 1/2-1/2

[Event "Oberliga Nord N 0708"]
[Site "Germany"]
[Date "2007.11.25"]
[Round "3.1"]
[White "Lamprecht, Frank"]
[Black "Stephan, Axel"]
[Result "1-0"]
[WhiteElo "2389"]
[BlackElo "2274"]
[PlyCount "67"]
[EventDate "2007.10.21"]
[EventType "team-tourn"]
[EventRounds "9"]
[EventCountry "GER"]
[SourceTitle "EXT 2009"]
[Source "ChessBase"]
[SourceDate "2008.11.26"]
[SourceVersion "1"]
[SourceVersionDate "2008.11.26"]
[SourceQuality "1"]
[WhiteTeam "Koenigsspringer"]
[BlackTeam "Hamburg Diogenes"]
[WhiteTeamCountry "GER"]
[BlackTeamCountry "GER"]

1. d4 Nf6 2. c4 g6 3. Nc3 d5 4. Nf3 Bg7 5. cxd5 Nxd5 6. Bd2 Nb6 7. e3 0-0 8. Be2 N8d7 9. e4 e5 10. Bg5 f6 11. Be3 exd4 12. Qb3+ Kh8 13. Bxd4 c5 14. Be3 f5 15. exf5 Rxf5 16. 0-0-0 c4 17. Qc2 Qf8 18. Nd4 Nc5 19. Nxf5 Bxf5 20. Qd2 Nd3+ 21. Bxd3 Bxd3 22. Rhe1 h6 23. Bf4 Nd7 24. Re6 g5 25. Bd6 Qf5 26. Rde1 b5 27. h4 Nf8 28. Re8 Rxe8 29. Rxe8 gxh4 30. Qf4 Qxf4+ 31. Bxf4 b4 32. Nd5 Bf1 33. Ne3 h3 34. gxh3 1-0

[Event "Oberliga Nord N 0708"]
[Site "Germany"]
[Date "2007.11.04"]
[Round "2.1"]
[White "Szelag, Marcin"]
[Black "Lamprecht, Frank"]
[Result "0-1"]
[WhiteElo "2469"]
[BlackElo "2389"]
[PlyCount "92"]
[EventDate "2007.10.21"]
[EventType "team-tourn"]
[EventRounds "9"]
[EventCountry "GER"]
[SourceTitle "EXT 2009"]
[Source "ChessBase"]
[SourceDate "2008.11.26"]
[SourceVersion "1"]
[SourceVersionDate "2008.11.26"]
[SourceQuality "1"]
[WhiteTeam "Rostock"]
[BlackTeam "Koenigsspringer"]
[WhiteTeamCountry "GER"]
[BlackTeamCountry "GER"]

1. e4 e6 2. d4 d5 3. Nc3 Nf6 4. e5 Nfd7 5. f4 c5 6. Nf3 Nc6 7. Be3 cxd4 8. Nxd4 Bc5 9. Qd2 0-0 10. 0-0-0 a6 11. Qf2 Bxd4 12. Bxd4 b5 13. Be3 Qa5 14. Kb1 b4 15. Ne2 Qc7 16. Nd4 Nxd4 17. Bxd4 a5 18. Rd3 Ba6 19. Rg3 Rfc8 20. f5 Nc5 21. Bd3 b3 22. f6 g6 23. Qd2 Nxd3 24. axb3 a4 25. Rxd3 Bxd3 26. Qxd3 axb3 27. Qxb3 Qa5 28. Qa3 Qxa3 29. bxa3 Rxa3 30. Rd1 h6 31. Kb2 Ra4 32. Rd3 Rac4 33. c3 Rb8+ 34. Kc2 Ra4 35. Rg3 Ra2+ 36. Kd3 Rbb2 37. Be3 Rxg2 38. Bxh6 Rxg3+ 39. hxg3 Rg2 40. Bf4 g5 41. Bxg5 Rxg3+ 42. Be3 Kh7 43. Ke2 Kg6 44. Kf2 Rxe3 45. Kxe3 Kf5 46. Kd4 Kf4 0-1

[Event "Oberliga Nord N 0607"]
[Site "Germany"]
[Date "2007.02.04"]
[Round "5.1"]
[White "Krueger, Wolfgang"]
[Black "Lamprecht, Frank"]
[Result "1-0"]
[WhiteElo "2224"]
[BlackElo "2401"]
[PlyCount "45"]
[EventDate "2006.10.15"]
[EventType "team-tourn"]
[EventRounds "9"]
[EventCountry "GER"]
[SourceTitle "EXT 2019"]
[Source "ChessBase"]
[SourceDate "2018.10.10"]
[SourceVersion "1"]
[SourceVersionDate "2018.10.10"]
[SourceQuality "1"]
[WhiteTeam "Schwarzenbek"]
[BlackTeam "Hamburg Koenigsspringer"]
[WhiteTeamCountry "GER"]
[BlackTeamCountry "GER"]

1. e4 e6 2. d4 d5 3. Nd2 c5 4. exd5 Qxd5 5. Ngf3 cxd4 6. Bc4 Qd6 7. 0-0 Nf6 8. Nb3 Nc6 9. Nbxd4 Nxd4 10. Nxd4 a6 11. Re1 Bd7 12. Bg5 Qc5 13. Bxe6 fxe6 14. Bxf6 gxf6 15. Nxe6 Bxe6 16. Rxe6+ Be7 17. b4 Qc7 18. Qh5+ Kf8 19. Rae1 Re8 20. R1e4 Qxc2 21. Rxf6+ Bxf6 22. Qxe8+ Kg7 23. Rg4+ 1-0

[Event "Oberliga Nord N 0607"]
[Site "Germany"]
[Date "2006.12.10"]
[Round "4.1"]
[White "Lamprecht, Frank"]
[Black "Polischuk, Viktor"]
[Result "0-1"]
[WhiteElo "2401"]
[BlackElo "2278"]
[PlyCount "58"]
[EventDate "2006.10.15"]
[EventType "team-tourn"]
[EventRounds "9"]
[EventCountry "GER"]
[SourceTitle "EXT 2019"]
[Source "ChessBase"]
[SourceDate "2018.10.10"]
[SourceVersion "1"]
[SourceVersionDate "2018.10.10"]
[SourceQuality "1"]
[WhiteTeam "Hamburg Koenigsspringer"]
[BlackTeam "Neumuenster Agon"]
[WhiteTeamCountry "GER"]
[BlackTeamCountry "GER"]

1. d4 d6 2. Nf3 Nf6 3. c4 Nbd7 4. Nc3 e5 5. e4 c6 6. Be2 Be7 7. 0-0 0-0 8. h3 Re8 9. d5 a6 10. Be3 c5 11. a3 Nh5 12. Qd2 g6 13. Nh2 Ndf6 14. Ng4 Nxg4 15. hxg4 Ng7 16. Bh6 f5 17. gxf5 gxf5 18. Bxg7 Kxg7 19. exf5 Bxf5 20. Bd3 Rf8 21. Bxf5 Rxf5 22. g3 Qe8 23. Qe2 Qg6 24. Ne4 Raf8 25. Kg2 h5 26. Rh1 h4 27. Raf1 Rf4 28. f3 Rxe4 29. Qxe4 Qxg3# 0-1

[Event "Oberliga Nord N 0607"]
[Site "Germany"]
[Date "2006.11.19"]
[Round "3.1"]
[White "Schiebuhr, Stephan"]
[Black "Lamprecht, Frank"]
[Result "1/2-1/2"]
[WhiteElo "2178"]
[BlackElo "2401"]
[PlyCount "94"]
[EventDate "2006.10.15"]
[EventType "team-tourn"]
[EventRounds "9"]
[EventCountry "GER"]
[SourceTitle "EXT 2019"]
[Source "ChessBase"]
[SourceDate "2018.10.10"]
[SourceVersion "1"]
[SourceVersionDate "2018.10.10"]
[SourceQuality "1"]
[WhiteTeam "Mettenhof"]
[BlackTeam "Hamburg Koenigsspringer"]
[WhiteTeamCountry "GER"]
[BlackTeamCountry "GER"]

1. e4 e6 2. d4 d5 3. Bd3 c5 4. c3 dxe4 5. Bxe4 Nf6 6. Bf3 Nc6 7. Ne2 Be7 8. 0-0 0-0 9. Be3 cxd4 10. cxd4 Qa5 11. Nbc3 Rd8 12. Qb3 Nb4 13. Rac1 Bd7 14. a3 Nbd5 15. Bd2 Qa6 16. Nxd5 Nxd5 17. Nc3 Bc6 18. Nxd5 exd5 19. Rfe1 Bf6 20. Be2 Qa4 21. Qxa4 Bxa4 22. Be3 Rac8 23. Bg4 Rc4 24. Be2 Rc6 25. Rxc6 Bxc6 26. Rc1 Re8 27. b4 Bxd4 28. Bxd4 Rxe2 29. Bxa7 f6 30. h3 Ra2 31. Rc3 Rd2 32. b5 Bxb5 33. Rc8+ Kf7 34. Rc7+ Ke6 35. Rxb7 Bd7 36. Kf1 Ra2 37. Bc5 h5 38. h4 Rc2 39. Bf8 d4 40. Bxg7 d3 41. Bh6 Ra2 42. Ke1 Re2+ 43. Kf1 Ra2 44. Ke1 Rxa3 45. Rb2 Ba4 46. Kd2 Bc2 47. Rb5 Ra2 1/2-1/2

[Event "Oberliga Nord N 0506"]
[Site "Germany"]
[Date "2006.01.15"]
[Round "5.1"]
[White "Meyer, Falko"]
[Black "Lamprecht, Frank"]
[Result "1-0"]
[WhiteElo "2320"]
[BlackElo "2406"]
[PlyCount "101"]
[EventDate "2005.10.23"]
[EventType "team-tourn"]
[EventRounds "9"]
[EventCountry "GER"]
[SourceTitle "EXT 2007"]
[Source "ChessBase"]
[SourceDate "2006.11.23"]
[SourceVersion "1"]
[SourceVersionDate "2006.11.23"]
[SourceQuality "1"]
[WhiteTeam "Hamburg Schachfreunde"]
[BlackTeam "Hamburg Koenigsspringer"]
[WhiteTeamCountry "GER"]
[BlackTeamCountry "GER"]

1. e4 e6 2. d3 c5 3. g3 Nc6 4. Bg2 g6 5. f4 Bg7 6. Nf3 Nge7 7. c3 0-0 8. Be3 b6 9. 0-0 Ba6 10. Qc2 d5 11. Rd1 d4 12. Qa4 Bb7 13. cxd4 a6 14. Nbd2 Nxd4 15. Bxd4 b5 16. Qa3 Bxd4+ 17. Nxd4 Qxd4+ 18. Kh1 Rac8 19. Rac1 Qe3 20. Nf1 Qd4 21. Nd2 Qe3 22. Nb3 c4 23. dxc4 Bxe4 24. Qxe7 bxc4 25. Nd4 Rfd8 26. Qf6 Rd5 27. Rc3 Bxg2+ 28. Kxg2 Qe4+ 29. Kf2 g5 30. Re3 Qg6 31. Qxg6+ hxg6 32. Re2 gxf4 33. gxf4 g5 34. Red2 gxf4 35. Ne2 Rxd2 36. Rxd2 e5 37. Kf3 f6 38. Ke4 Kf7 39. Kf5 Rh8 40. Rd7+ Ke8 41. Ke6 Rxh2 42. Nc3 f5 43. Rb7 Rh6+ 44. Kxf5 f3 45. Ne4 Rh4 46. Ke6 Kd8 47. Nd6 Rh6+ 48. Kxe5 Rf6 49. Kxf6 f2 50. Ke6 f1Q 51. Rd7# 1-0

[Event "Oberliga Nord N 0506"]
[Site "Germany"]
[Date "2005.12.11"]
[Round "4.1"]
[White "Lamprecht, Frank"]
[Black "Polischuk, Viktor"]
[Result "1-0"]
[WhiteElo "2406"]
[BlackElo "2275"]
[PlyCount "115"]
[EventDate "2005.10.23"]
[EventType "team-tourn"]
[EventRounds "9"]
[EventCountry "GER"]
[SourceTitle "EXT 2007"]
[Source "ChessBase"]
[SourceDate "2006.11.23"]
[SourceVersion "1"]
[SourceVersionDate "2006.11.23"]
[SourceQuality "1"]
[WhiteTeam "Hamburg Koenigsspringer"]
[BlackTeam "Neumuenster"]
[WhiteTeamCountry "GER"]
[BlackTeamCountry "GER"]

1. Nf3 Nf6 2. d4 e6 3. Bg5 c5 4. c3 d5 5. e3 Be7 6. Nbd2 0-0 7. Bd3 b6 8. 0-0 Bb7 9. Ne5 Ne4 10. Bxe7 Qxe7 11. f4 cxd4 12. exd4 f6 13. Nef3 Nd7 14. Qe2 f5 15. Bb5 Ndf6 16. Ne5 g5 17. Nxe4 Nxe4 18. fxg5 Qxg5 19. Rf3 f4 20. Raf1 Rf5 21. Rh3 Raf8 22. Bd7 R8f6 23. Be8 Nd6 24. Bh5 Ne4 25. Ng4 Bc8 26. Nxf6+ Nxf6 27. g4 Ne4 28. Kh1 Rf8 29. Rhf3 e5 30. Qd1 Ba6 31. Re1 Nxc3 32. Rxc3 e4 33. Qa4 Bc8 34. Qc2 Qh4 35. Rf1 Ba6 36. Qf2 Qxf2 37. Rxf2 e3 38. Rxe3 fxe3 39. Rxf8+ Kxf8 40. Kg2 Ke7 41. g5 Bc4 42. b3 Bd3 43. h4 Ke6 44. Bg4+ Bf5 45. Be2 Bb1 46. a3 Bc2 47. b4 Kf5 48. Kf3 Be4+ 49. Kxe3 Bb1 50. Bh5 Bc2 51. Be2 Bb1 52. Bd1 a5 53. Bf3 axb4 54. axb4 Ba2 55. Be2 Bb1 56. Bd1 Ke6 57. Kf4 Bd3 58. Bg4+ 1-0

[Event "Aarhus IM"]
[Site "Aarhus"]
[Date "2005.07.07"]
[Round "6"]
[White "Pedersen, Christian Kyndel"]
[Black "Lamprecht, Frank"]
[Result "1-0"]
[WhiteElo "2364"]
[BlackElo "2407"]
[PlyCount "63"]
[EventDate "2005.07.02"]
[EventType "tourn"]
[EventRounds "9"]
[EventCountry "DEN"]
[EventCategory "4"]
[SourceTitle "CBM 107 Extra"]
[Source "ChessBase"]
[SourceDate "2005.09.01"]
[SourceVersion "1"]
[SourceVersionDate "2005.09.01"]
[SourceQuality "1"]

1. e4 e6 2. d4 d5 3. e5 c5 4. c3 Qb6 5. Nf3 Bd7 6. Be2 Bb5 7. c4 Bxc4 8. Bxc4 Qb4+ 9. Nbd2 dxc4 10. 0-0 Nc6 11. a3 Qb5 12. Qe2 cxd4 13. Nxc4 Qa6 14. Rd1 Rd8 15. Bg5 Rd5 16. Rac1 b5 17. Ncd2 h6 18. Bf4 Nge7 19. Nb3 g5 20. Bg3 Bg7 21. Nfxd4 Nxd4 22. Rxd4 0-0 23. Rc7 Rc8 24. Rxe7 Rxd4 25. Qh5 Kh8 26. h4 b4 27. hxg5 Qd3 28. Nxd4 bxa3 29. Qxf7 Rg8 30. Re8 Rxe8 31. Qxe8+ Kh7 32. g6+ 1-0

[Event "Aarhus IM"]
[Site "Aarhus"]
[Date "2005.07.04"]
[Round "3"]
[White "Lamprecht, Frank"]
[Black "Holst, Allan"]
[Result "1/2-1/2"]
[WhiteElo "2407"]
[BlackElo "2363"]
[PlyCount "121"]
[EventDate "2005.07.02"]
[EventType "tourn"]
[EventRounds "9"]
[EventCountry "DEN"]
[EventCategory "4"]
[SourceTitle "CBM 107 Extra"]
[Source "ChessBase"]
[SourceDate "2005.09.01"]
[SourceVersion "1"]
[SourceVersionDate "2005.09.01"]
[SourceQuality "1"]

1. d4 e6 2. Nf3 d5 3. c4 Nf6 4. Nc3 Nbd7 5. Bg5 c6 6. e3 Qa5 7. Nd2 Bb4 8. Qc2 0-0 9. Be2 c5 10. dxc5 dxc4 11. Nxc4 Qxc5 12. Bxf6 Nxf6 13. a3 Bxc3+ 14. Qxc3 Bd7 15. 0-0 Rac8 16. Rfc1 Rfd8 17. Qe1 Qe7 18. Ne5 Be8 19. Rxc8 Rxc8 20. Rc1 Rxc1 21. Qxc1 Qd6 22. Nf3 Bd7 23. Qc3 b6 24. Qe5 Ne8 25. Kf1 Kf8 26. Qe4 h6 27. Ne5 Bb5 28. Ke1 Bxe2 29. Kxe2 Qc7 30. f4 g6 31. Qd4 h5 32. h3 Ke7 33. Qa4 a5 34. Qc4 Qb7 35. Qc6 Nd6 36. Qxb7+ Nxb7 37. Nc4 b5 38. Ne5 Kf6 39. Nc6 g5 40. Kd3 gxf4 41. exf4 a4 42. g4 hxg4 43. hxg4 Kg6 44. Kd4 f6 45. Na7 Nd6 46. Kc5 Nc4 47. Nxb5 Nxb2 48. Kd4 e5+ 49. fxe5 fxe5+ 50. Kxe5 Kg5 51. Kd4 Kxg4 52. Nc7 Kf5 53. Nd5 Nd1 54. Nb6 Ke6 55. Nxa4 Kd6 56. Kc4 Kc6 57. Kb4 Ne3 58. Kb3 Kb5 59. Nb2 Nd5 60. Nc4 Nb6 61. Nxb6 1/2-1/2

[Event "BL2-Nord 0405"]
[Site "Germany"]
[Date "2004.11.28"]
[Round "3.1"]
[White "Rabiega, Robert"]
[Black "Lamprecht, Frank"]
[Result "1-0"]
[WhiteElo "2524"]
[BlackElo "2413"]
[PlyCount "55"]
[EventDate "2004.10.24"]
[EventType "team-tourn"]
[EventRounds "9"]
[EventCountry "GER"]
[SourceTitle "EXT 2007"]
[Source "ChessBase"]
[SourceDate "2006.11.23"]
[SourceVersion "1"]
[SourceVersionDate "2006.11.23"]
[SourceQuality "1"]
[WhiteTeam "Koenig Tegel"]
[BlackTeam "Hamburg Koenigsspringer"]
[WhiteTeamCountry "GER"]
[BlackTeamCountry "GER"]

1. e4 e6 2. d4 d5 3. Nc3 Nf6 4. e5 Nfd7 5. f4 c5 6. Nf3 Nc6 7. Be3 Qb6 8. Na4 Qa5+ 9. c3 c4 10. b4 Qc7 11. g3 b6 12. Bh3 f5 13. exf6 Nxf6 14. 0-0 Bd6 15. Qc2 0-0 16. Rae1 Bd7 17. Ne5 Rae8 18. Nxd7 Qxd7 19. Bd2 Ne4 20. Nb2 Nxd2 21. Qxd2 Nd8 22. Re3 Re7 23. Rfe1 Rfe8 24. Qc2 Rf8 25. Nd1 Qe8 26. Qe2 Rf6 27. f5 Rh6 28. Nf2 1-0

[Event "Oberliga Nord N 0304"]
[Site "Germany"]
[Date "2004.04.25"]
[Round "9.1"]
[White "Lamprecht, Frank"]
[Black "Kopylov, Michael"]
[Result "1/2-1/2"]
[WhiteElo "2414"]
[BlackElo "2450"]
[PlyCount "20"]
[EventDate "2003.10.12"]
[EventType "team-tourn"]
[EventRounds "9"]
[EventCountry "GER"]
[SourceTitle "EXT 2005"]
[Source "ChessBase"]
[SourceDate "2004.11.15"]
[SourceVersion "1"]
[SourceVersionDate "2004.11.15"]
[SourceQuality "1"]
[WhiteTeam "Hamburg Koenigsspringer"]
[BlackTeam "Norderstedt"]
[WhiteTeamCountry "GER"]
[BlackTeamCountry "GER"]

1. d4 d5 2. c4 dxc4 3. Nf3 Nf6 4. e3 g6 5. Bxc4 Bg7 6. 0-0 0-0 7. Nc3 Ne8 8. b4 Nd6 9. Bd3 Nc6 10. b5 Na5 1/2-1/2

[Event "Oberliga Nord N 0304"]
[Site "Germany"]
[Date "2004.03.28"]
[Round "8.1"]
[White "Gruenberg, Hans Ulrich"]
[Black "Lamprecht, Frank"]
[Result "1/2-1/2"]
[WhiteElo "2450"]
[BlackElo "2414"]
[PlyCount "26"]
[EventDate "2003.10.12"]
[EventType "team-tourn"]
[EventRounds "9"]
[EventCountry "GER"]
[SourceTitle "EXT 2005"]
[Source "ChessBase"]
[SourceDate "2004.11.15"]
[SourceVersion "1"]
[SourceVersionDate "2004.11.15"]
[SourceQuality "1"]
[WhiteTeam "Schwerin"]
[BlackTeam "Hamburg Koenigsspringer"]
[WhiteTeamCountry "GER"]
[BlackTeamCountry "GER"]

1. d4 Nf6 2. c4 e6 3. Nf3 d5 4. Nc3 Nbd7 5. Bf4 c6 6. e3 Be7 7. h3 0-0 8. Rc1 a6 9. c5 b6 10. b4 a5 11. a3 axb4 12. axb4 bxc5 13. bxc5 Qa5 1/2-1/2

[Event "BL2-Nord 0203"]
[Site "Germany"]
[Date "2003.01.12"]
[Round "4.1"]
[White "Lamprecht, Frank"]
[Black "Fries Nielsen, Jens Ove"]
[Result "1/2-1/2"]
[WhiteElo "2405"]
[BlackElo "2444"]
[PlyCount "55"]
[EventDate "2002.10.20"]
[EventType "team-tourn"]
[EventRounds "9"]
[EventCountry "GER"]
[SourceTitle "EXT 2004"]
[Source "ChessBase"]
[SourceDate "2003.11.25"]
[SourceVersion "1"]
[SourceVersionDate "2003.11.25"]
[SourceQuality "1"]
[WhiteTeam "Hamburg Koenigsspringer"]
[BlackTeam "Preetz"]
[WhiteTeamCountry "GER"]
[BlackTeamCountry "GER"]

1. d4 Nf6 2. Nf3 e6 3. g3 d5 4. Bg2 Nbd7 5. 0-0 Bd6 6. Nbd2 0-0 7. c4 b6 8. e4 dxe4 9. Ng5 Bb7 10. Ngxe4 Qb8 11. Qc2 c5 12. dxc5 Bxc5 13. Nxc5 Nxc5 14. b4 Bxg2 15. Kxg2 Qb7+ 16. Kg1 Ncd7 17. Bb2 Rac8 18. Rac1 Qc6 19. Rfe1 Rfd8 20. a3 h6 21. Ne4 Nxe4 22. Rxe4 Re8 23. Qe2 e5 24. Re3 f6 25. Rec3 e4 26. R3c2 Re6 27. Qe3 Rce8 28. Rd2 1/2-1/2

[Event "Bundesliga 0102"]
[Site "Germany"]
[Date "2002.02.24"]
[Round "9.1"]
[White "Georgiev, Kiril"]
[Black "Lamprecht, Frank"]
[Result "1/2-1/2"]
[WhiteElo "2695"]
[BlackElo "2399"]
[PlyCount "60"]
[EventDate "2001.10.06"]
[EventType "team-tourn"]
[EventRounds "15"]
[EventCountry "GER"]
[SourceTitle "EXT 2003"]
[Source "ChessBase"]
[SourceDate "2002.11.25"]
[SourceVersion "1"]
[SourceVersionDate "2002.11.25"]
[SourceQuality "1"]
[WhiteTeam "Castrop Rauxel"]
[BlackTeam "Hamburg Koenigsspringer"]
[WhiteTeamCountry "GER"]
[BlackTeamCountry "GER"]

1. d4 d5 2. c4 c6 3. Nf3 Nf6 4. Nc3 dxc4 5. a4 Bf5 6. Ne5 Nbd7 7. Nxc4 Qc7 8. g3 e5 9. dxe5 Nxe5 10. Bf4 Nfd7 11. Bg2 g5 12. Ne3 gxf4 13. Nxf5 0-0-0 14. Qc2 Bb4 15. 0-0 fxg3 16. hxg3 h5 17. Na2 Bf8 18. b4 h4 19. Nxh4 Rxh4 20. gxh4 Ng4 21. f4 Qb6+ 22. Kh1 Nf2+ 23. Rxf2 Qxf2 24. Rf1 Qxh4+ 25. Kg1 a5 26. Qc3 axb4 27. Nxb4 Bc5+ 28. e3 Rg8 29. Nc2 Nf6 30. Qxc5 Rxg2+ 1/2-1/2